U.S. States by the First Letter - Whammy Version - Statistics

General Stats
  • This quiz has been taken 502 times
  • The average score is 34 of 50
Answers on the Map
Answers color-coded by a green-red scale on the quiz's map according to % correct below.
 
Answer Stats
State % Correct
Alabama
91%
Alaska
91%
Arizona
91%
Arkansas
91%
California
78%
Colorado
78%
Connecticut
78%
Nebraska
75%
Nevada
75%
New Hampshire
75%
New Jersey
75%
New Mexico
75%
New York
75%
North Carolina
75%
North Dakota
75%
Maine
73%
Maryland
73%
Massachusetts
73%
Michigan
73%
Minnesota
73%
Mississippi
73%
Missouri
73%
Montana
73%
Ohio
70%
Oklahoma
70%
Oregon
70%
Idaho
69%
Illinois
69%
Indiana
69%
Iowa
69%
Washington
69%
West Virginia
69%
Wisconsin
69%
Wyoming
69%
Tennessee
67%
Texas
67%
Florida
63%
South Carolina
62%
South Dakota
62%
Georgia
55%
Kansas
51%
Kentucky
51%
Louisiana
51%
Pennsylvania
50%
Delaware
48%
Vermont
48%
Virginia
48%
Utah
46%
Hawaii
42%
Rhode Island
34%
No matching quizzes found
Score Distribution
Percent of People with Each Score
Percentile by Number Answered
Your Score History
You have not taken this quiz